<?xml version="1.0" encoding="UTF-8"?><?xml-stylesheet type="text/xsl" href="static/style.xsl"?><OAI-PMH xmlns="http://www.openarchives.org/OAI/2.0/" xmlns:xsi="http://www.w3.org/2001/XMLSchema-instance" xsi:schemaLocation="http://www.openarchives.org/OAI/2.0/ http://www.openarchives.org/OAI/2.0/OAI-PMH.xsd"><responseDate>2026-04-17T11:25:27Z</responseDate><request verb="GetRecord" identifier="oai:www.recercat.cat:2445/121313" metadataPrefix="marc">https://recercat.cat/oai/request</request><GetRecord><record><header><identifier>oai:recercat.cat:2445/121313</identifier><datestamp>2025-12-05T10:29:45Z</datestamp><setSpec>com_2072_1057</setSpec><setSpec>col_2072_478770</setSpec><setSpec>col_2072_478917</setSpec></header><metadata><record xmlns="http://www.loc.gov/MARC21/slim" xmlns:dcterms="http://purl.org/dc/terms/" xmlns:xsi="http://www.w3.org/2001/XMLSchema-instance" xmlns:doc="http://www.lyncode.com/xoai" xsi:schemaLocation="http://www.loc.gov/MARC21/slim http://www.loc.gov/standards/marcxml/schema/MARC21slim.xsd">
   <leader>00925njm 22002777a 4500</leader>
   <datafield ind2=" " ind1=" " tag="042">
      <subfield code="a">dc</subfield>
   </datafield>
   <datafield ind2=" " ind1=" " tag="720">
      <subfield code="a">Gascón, Jordi (Gascón Gutiérrez)</subfield>
      <subfield code="e">author</subfield>
   </datafield>
   <datafield ind2=" " ind1=" " tag="720">
      <subfield code="a">Martínez Mauri, Mònica</subfield>
      <subfield code="e">author</subfield>
   </datafield>
   <datafield ind2=" " ind1=" " tag="260">
      <subfield code="c">2018-04-05T11:34:02Z</subfield>
   </datafield>
   <datafield ind2=" " ind1=" " tag="260">
      <subfield code="c">2018-04-05T11:34:02Z</subfield>
   </datafield>
   <datafield ind2=" " ind1=" " tag="260">
      <subfield code="c">2017-01-25</subfield>
   </datafield>
   <datafield ind2=" " ind1=" " tag="260">
      <subfield code="c">2018-04-05T11:34:02Z</subfield>
   </datafield>
   <datafield ind2=" " ind1=" " tag="520">
      <subfield code="a">El turismo impulsa cambios sobre la propiedad de los recursos y del territorio. Aunque la propiedad comunitaria y los mecanismos consuetudinarios que la regulan suelen verse afectados, pocos estudios en turismo han prestado atención a estos procesos. El presente artículo quiere analizar los cambios generados por el turismo en el uso y la gestión de los comunes en el mundo rural e indígena. Y concretamente, de los espacios acuáticos comunitarios. Para ello, se comparan dos casos de poblaciones insulares en los que se ha implementado un turismo de gestión local: la comarca de Gunayala (Panamá) y las islas Amantaní y Taquile (Lago Titicaca). Un discurso modernizador sostiene que la propiedad comunitaria es anacrónica e ineficaz. Sin embargo, los casos analizados muestran que, ante el turismo, la población indígena adapta rápidamente su derecho sobre el territorio y reelabora las normas consuetudinarias.</subfield>
   </datafield>
   <datafield tag="653" ind2=" " ind1=" ">
      <subfield code="a">Turisme</subfield>
   </datafield>
   <datafield tag="653" ind2=" " ind1=" ">
      <subfield code="a">Política turística</subfield>
   </datafield>
   <datafield tag="653" ind2=" " ind1=" ">
      <subfield code="a">Tourism</subfield>
   </datafield>
   <datafield tag="653" ind2=" " ind1=" ">
      <subfield code="a">Politics of tourism</subfield>
   </datafield>
   <datafield ind2="0" ind1="0" tag="245">
      <subfield code="a">Isleños y turistas. Propiedad comunitaria y territorialidad en sociedades indígenas</subfield>
   </datafield>
</record></metadata></record></GetRecord></OAI-PMH>